<?xml version="1.0" encoding="UTF-8"?>
<record
    xmlns:xsi="http://www.w3.org/2001/XMLSchema-instance"
    xsi:schemaLocation="http://www.loc.gov/MARC21/slim http://www.loc.gov/standards/marcxml/schema/MARC21slim.xsd"
    xmlns="http://www.loc.gov/MARC21/slim">

  <leader>00856nam a2200229Ia 4500</leader>
  <controlfield tag="001">18140</controlfield>
  <controlfield tag="003">GE_BSU</controlfield>
  <controlfield tag="008">181216s||||||||xx |||||||||||||| ||und||</controlfield>
  <datafield tag="020" ind1=" " ind2=" ">
    <subfield code="a">978-9941-12-431-0</subfield>
  </datafield>
  <datafield tag="040" ind1=" " ind2=" ">
    <subfield code="c">GE_BSU</subfield>
  </datafield>
  <datafield tag="080" ind1=" " ind2=" ">
    <subfield code="a">811.35</subfield>
  </datafield>
  <datafield tag="245" ind1=" " ind2=" ">
    <subfield code="a">&#x10D0;&#x10D9;&#x10D0;&#x10D3;&#x10D4;&#x10DB;&#x10D8;&#x10D9;&#x10DD;&#x10E1; &#x10E5;&#x10D4;&#x10D7;&#x10D4;&#x10D5;&#x10D0;&#x10DC; &#x10DA;&#x10DD;&#x10DB;&#x10D7;&#x10D0;&#x10D7;&#x10D8;&#x10EB;&#x10D4;&#x10E1; = &#x410;&#x43A;&#x430;&#x434;&#x435;&#x43C;&#x438;&#x43A;&#x443; &#x41A;&#x435;&#x442;&#x435;&#x432;&#x430;&#x43D; &#x41B;&#x43E;&#x43C;&#x442;&#x430;&#x442;&#x438;&#x434;&#x437;&#x435;</subfield>
  </datafield>
  <datafield tag="245" ind1=" " ind2=" ">
    <subfield code="c">&#x10E0;&#x10D4;&#x10D3;. &#x10D7;. &#x10D2;&#x10D5;&#x10D0;&#x10DC;&#x10EA;&#x10D4;&#x10DA;&#x10D0;&#x10EB;&#x10D4;</subfield>
  </datafield>
  <datafield tag="250" ind1=" " ind2=" ">
    <subfield code="a">&#x10D7;&#x10E1;&#x10E3;, &#x10F0;&#x10E3;&#x10DB;&#x10D0;&#x10DC;&#x10D8;&#x10E2;. &#x10DB;&#x10D4;&#x10EA;&#x10DC;. &#x10E4;&#x10D0;&#x10D9;-&#x10E2;&#x10D8;, &#x10D9;&#x10D0;&#x10D5;&#x10D9;&#x10D0;&#x10E1;&#x10D8;&#x10DD;&#x10DA;. &#x10D8;&#x10DC;-&#x10E2;&#x10D8;</subfield>
  </datafield>
  <datafield tag="260" ind1=" " ind2=" ">
    <subfield code="a">&#x10D7;&#x10D1;&#x10D8;&#x10DA;&#x10D8;&#x10E1;&#x10D8;</subfield>
  </datafield>
  <datafield tag="260" ind1=" " ind2=" ">
    <subfield code="b">&#x10E3;&#x10DC;&#x10D8;&#x10D5;&#x10D4;&#x10E0;&#x10E1;&#x10D0;&#x10DA;&#x10D8;</subfield>
  </datafield>
  <datafield tag="260" ind1=" " ind2=" ">
    <subfield code="c">2008</subfield>
  </datafield>
  <datafield tag="300" ind1=" " ind2=" ">
    <subfield code="a">170&#x10D2;&#x10D5;. ; 20&#x10E1;&#x10DB;.</subfield>
  </datafield>
  <datafield tag="541" ind1=" " ind2=" ">
    <subfield code="h">7&#x10DA;.</subfield>
  </datafield>
  <datafield tag="653" ind1=" " ind2=" ">
    <subfield code="a">&#x10D0;&#x10D9;&#x10D0;&#x10D3;&#x10D4;&#x10DB;&#x10D8;&#x10D9;&#x10DD;&#x10E1; &#x10E5;&#x10D4;&#x10D7;&#x10D4;&#x10D5;&#x10D0;&#x10DC; &#x10DA;&#x10DD;&#x10DB;&#x10D7;&#x10D0;&#x10D7;&#x10D8;&#x10EB;&#x10D4;&#x10E1;</subfield>
  </datafield>
  <datafield tag="942" ind1=" " ind2=" ">
    <subfield code="c">BK</subfield>
  </datafield>
  <datafield tag="999" ind1=" " ind2=" ">
    <subfield code="c">51181</subfield>
    <subfield code="d">51181</subfield>
  </datafield>
  <datafield tag="952" ind1=" " ind2=" ">
    <subfield code="0">0</subfield>
    <subfield code="1">0</subfield>
    <subfield code="4">0</subfield>
    <subfield code="7">0</subfield>
    <subfield code="9">70332</subfield>
    <subfield code="d">2018-12-17</subfield>
    <subfield code="p">46210</subfield>
    <subfield code="r">2018-12-17</subfield>
    <subfield code="w">2018-12-17</subfield>
    <subfield code="y">BK</subfield>
  </datafield>
</record>
